00389nam a2200157Ia 4500008004100000082002100041100002000062245002200082250000600104260002900110300000800139600002000147630002200167700002000189730002200209151018s9999 xx 000 0 und d bRBASDV29824a954 aSibnarayan Ray aIn Freedoms wuest b1 bMinerva associatesc1998 a205 aSibnarayan Ray aIn Freedoms wuest aSibnarayan Ray aIn Freedoms wuest